| 000 | 00000nam 2200000zi 4500 |
| 001 | 9.925992 |
| 003 | CaOODSP |
| 005 | 20240802111903 |
| 006 | m o d f |
| 007 | cr mn||||||||| |
| 008 | 230809t20232022onca o f000 0 pan d |
| 020 | |a9780660499079 |
| 040 | |aCaOODSP|beng|erda|cCaOODSP |
| 043 | |an-cn--- |
| 086 | 1 |aH14-424/3-2023Pan-PDF |
| 245 | 00|a[Canada Dental Benefit factsheet]. |
| 250 | |a[Punjabi edition]. |
| 264 | 1|a[Ottawa] : |bGovernment of Canada = Gouvernement du Canada, |c[2023] |
| 264 | 4|c©2022 |
| 300 | |a1 online resource (1 page) : |billustrations |
| 336 | |atext|btxt|2rdacontent |
| 337 | |acomputer|bc|2rdamedia |
| 338 | |aonline resource|bcr|2rdacarrier |
| 500 | |aIssued also in English under title: Canada Dental Benefit factsheet; and in French under title: Feuillet d'information pour la Prestation dentaire canadienne. |
| 500 | |aIssued by: Health Canada. |
| 500 | |aEnglish title provided by publisher. |
| 500 | |a"Pub.: 230279." |
| 546 | |aText in Punjabi. |
| 650 | 0|aChildren|xDental care|zCanada|xFinance. |
| 650 | 0|aChildren|xDental care|xGovernment policy|zCanada. |
| 710 | 1 |aCanada. |bHealth Canada, |eissuing body. |
| 775 | 08|tCanada Dental Benefit factsheet.|w(CaOODSP)9.926000 |
| 792 | |t[Feuillet d'information pour la Prestation dentaire canadienne].|efre|w(CaOODSP)9.930866 |
| 795 | |t[Canada Dental Benefit factsheet.]|b(2022)|w(CaOODSP)9.918258 |
| 856 | 40|qPDF|s679 KB|uhttps://publications.gc.ca/collections/collection_2023/sc-hc/H14-424-3-2023-pan.pdf |
| 986 | |a230279 |